Earth science / (Record no. 75085)
[ view plain ]
| 000 -LEADER | |
|---|---|
| fixed length control field | 00931nam a22003012 4500 |
| 001 - CONTROL NUMBER | |
| control field | 75085 |
| 003 - CONTROL NUMBER IDENTIFIER | |
| rucl marc code | BD-RjUL |
| 005 - DATE AND TIME OF LATEST TRANSACTION | |
| control field | 20211209082637.0 |
| 008 - FIXED-LENGTH DATA ELEMENTS--GENERAL INFORMATION | |
| fixed length control field | 190119s1971 njuabd b 000 0 eng c |
| 035 ## - SYSTEM CONTROL NUMBER | |
| System control number | OCLC ocm01249833 from D971010M |
| System control number | (BD-RjUL)75303 |
| 040 ## - CATALOGING SOURCE | |
| Original cataloging agency | DLC/ICU |
| Transcribing agency | CGU |
| Modifying agency | UKM |
| -- | EQO |
| -- | BD-RjUL |
| Language of cataloging | eng |
| 041 ## - LANGUAGE CODE | |
| Language code of text/sound track or separate title | eng |
| 082 0# - DEWEY DECIMAL CLASSIFICATION NUMBER | |
| Edition number | 23 |
| Classification number | 550 |
| Author mark and year | ORE 1971 |
| 100 1# - MAIN ENTRY--PERSONAL NAME | |
| Personal name | Ordway, Richard J. |
| Fuller form of name | (Richard John), |
| Dates associated with a name | 1918- |
| 9 (RLIN) | 227079 |
| 245 10 - TITLE STATEMENT | |
| Title | Earth science / |
| Statement of responsibility, etc. | [by] Richard J. Ordway. |
| 260 ## - PUBLICATION, DISTRIBUTION, ETC. (IMPRINT) | |
| Place of publication, distribution, etc. | Princeton, N.J. : |
| Name of publisher, distributor, etc. | Van Nostrand, |
| Date of publication, distribution, etc. | 1966 |
| 300 ## - PHYSICAL DESCRIPTION | |
| Pagination | xiv, 705 p. |
| Illustrations | illus. (part col.) charts, maps. |
| Size | 25 cm. |
| 490 1# - SERIES STATEMENT | |
| Series statement | University series in geology |
| 504 ## - BIBLIOGRAPHY, ETC. NOTE | |
| Bibliography, etc | Bibliography: p. 691-694. |
| 650 #0 - SUBJECT ADDED ENTRY--TOPICAL TERM | |
| Topical term or geographic name as entry element | Earth sciences. |
| 9 (RLIN) | 227080 |
| Topical term or geographic name as entry element | Astronomy. |
| 9 (RLIN) | 227081 |
| 830 #0 - SERIES ADDED ENTRY--UNIFORM TITLE | |
| Uniform title | University series in geology |
| 942 ## - ADDED ENTRY ELEMENTS (KOHA) | |
| Source of classification or shelving scheme | Dewey Decimal Classification |
| Koha item type | Books |
| Lost status | Source of classification or shelving scheme | Damaged status | Not for loan | Collection code | Permanent Location | Current Location | Shelving location | Date acquired | Source of acquisition | Cost, normal purchase price | Total Checkouts | Full call number | Date last seen | Copy number | Koha item type |
|---|---|---|---|---|---|---|---|---|---|---|---|---|---|---|---|
| Dewey Decimal Classification | Not For Loan | Non-fiction | Central Library, University of Rajshahi | Central Library, University of Rajshahi | Reading Room | 29/08/1968 | Swets & zeitlinger | 91.00 | 550 ORE 1966 | 19/01/2019 | C-1 | Books | |||
| Dewey Decimal Classification | Non-fiction | Central Library, University of Rajshahi | Central Library, University of Rajshahi | 29/08/1968 | Sweets & Zeitlinger | 91.00 | 550 ORE 1971 | 23/01/2019 | C-2 | Books |